| 000 | 00359nam a2200133Ia 4500 | ||
|---|---|---|---|
| 008 | 240719s9999 xx 000 0 und d | ||
| 041 | _aeng | ||
| 082 | _a828 HAB | ||
| 100 | _aHabard, Ron L. | ||
| 245 | _aDianetix Maulik Shodh Prabandh | ||
| 260 |
_aNew Dehli _bDenmark:New Era Publications _c2009 |
||
| 300 | _a275.; P. 24 cm | ||
| 520 | _aGifted By : New era | ||
| 999 |
_c41440 _d41440 |
||